Here be dragons / (Record no. 395436)
[ view plain ]
| 000 -LEADER | |
|---|---|
| fixed length control field | 01363nam a22003257a 4500 |
| 001 - CONTROL NUMBER | |
| control field | sky309556080 |
| 003 - CONTROL NUMBER IDENTIFIER | |
| control field | SKY |
| 005 - DATE AND TIME OF LATEST TRANSACTION | |
| control field | 20240412162422.0 |
| 008 - FIXED-LENGTH DATA ELEMENTS--GENERAL INFORMATION | |
| fixed length control field | 240201s2024 maua b 000 1 eng d |
| 020 ## - INTERNATIONAL STANDARD BOOK NUMBER | |
| International Standard Book Number | 9780711256606 |
| 020 ## - INTERNATIONAL STANDARD BOOK NUMBER | |
| International Standard Book Number | 0711256608 |
| 040 ## - CATALOGING SOURCE | |
| Description conventions | rda |
| 092 ## - LOCALLY ASSIGNED DEWEY CALL NUMBER (OCLC) | |
| Classification number | children picture book |
| Item number | Lloyd |
| 100 1# - MAIN ENTRY--PERSONAL NAME | |
| Personal name | Lloyd, Susannah, |
| Relator term | author. |
| 9 (RLIN) | 6485442 |
| 245 10 - TITLE STATEMENT | |
| Title | Here be dragons / |
| Statement of responsibility, etc | Susannah Lloyd ; Paddy Donnelly. |
| 260 ## - PUBLICATION, DISTRIBUTION, ETC. (IMPRINT) | |
| Place of publication, distribution, etc | Beverly, MA : |
| Name of publisher, distributor, etc | Frances Lincoln Children's Books, an imprint of The Quarto Group, |
| Date of publication, distribution, etc | 2024. |
| 264 ## - Production, Publication, Distribution, Manufacture, and Copyright Notice. | |
| Place of production, publication, distribution, manufacture | Beverly, MA : |
| Name of producer, publisher, distributor, manufacturer | Frances Lincoln Children's Books, |
| Date of production, publication, distribution, manufacture, or copyr | 2024. |
| 300 ## - PHYSICAL DESCRIPTION | |
| Extent | 1 volume (unpaged) : |
| Other physical details | color illustrations ; |
| Dimensions | 25 x 29 cm. |
| 520 ## - SUMMARY, ETC. | |
| Summary, etc | "A knight has a map. It says, 'Here be dragons.' He travels right to the spot marked "X", past treasure, suspicious bones, and many signs telling him to turn back. But he can't find any dragons at all... Can you?" --book jacket. |
| 650 #0 - SUBJECT ADDED ENTRY--TOPICAL TERM | |
| Topical term or geographic name as entry element | Knights and knightood |
| Form subdivision | Juvenile fiction. |
| 9 (RLIN) | 6485443 |
| 650 #0 - SUBJECT ADDED ENTRY--TOPICAL TERM | |
| Topical term or geographic name as entry element | Dragons |
| Form subdivision | Juvenile fiction. |
| 9 (RLIN) | 5673921 |
| 650 #0 - SUBJECT ADDED ENTRY--TOPICAL TERM | |
| Topical term or geographic name as entry element | Quests (Expeditions) |
| Form subdivision | Juvenile fiction. |
| 9 (RLIN) | 5675013 |
| 650 #0 - SUBJECT ADDED ENTRY--TOPICAL TERM | |
| Topical term or geographic name as entry element | Maps |
| Form subdivision | Juvenile fiction. |
| 9 (RLIN) | 5712407 |
| 655 #7 - INDEX TERM--GENRE/FORM | |
| Genre/form data or focus term | Picture books |
| Source of term | lcgft. |
| 700 1# - ADDED ENTRY--PERSONAL NAME | |
| Personal name | Donnelly, Paddy |
| Titles and other words associated with a name | (Illustrator), |
| Relator term | illustrator. |
| 9 (RLIN) | 6457197 |
| 942 ## - ADDED ENTRY ELEMENTS (KOHA) | |
| Source of classification or shelving scheme | Dewey Decimal Classification |
| Koha item type | BOOK |
| Withdrawn status | Lost status | Source of classification or shelving scheme | Damaged status | Not for loan | Collection code | Home library | Current library | Shelving location | Date acquired | Source of acquisition | Total Checkouts | Total Renewals | Full call number | Barcode | Checked out | Date last seen | Date checked out | Cost, replacement price | Price effective from | Koha item type |
|---|---|---|---|---|---|---|---|---|---|---|---|---|---|---|---|---|---|---|---|---|
| Dewey Decimal Classification | Children Picture Books | Wasatch County Library | Wasatch County Library | Main Floor Childrens Area | 04/12/2024 | Micromarketing | 8 | 14 | E Doyle | 34301002072264 | 03/28/2026 | 01/30/2026 | 01/30/2026 | 18.99 | 04/12/2024 | BOOK |
